ბათუმის შოთა რუსთაველის სახელმწიფო უნივერსიტეტის ბიბლიოთეკა

პირისა და რიცხვის გრამატიკული კატეგორია სვანურში = Grammatical category of a person and a number in svan / (ბიბ.ჩანაწერი № 36879)

000 -ლიდერი
ფიქსირებული სიგრძის საკონტროლო ველი 01452nam a2200265Ia 4500
001 - საკონტროლო ნომერი
საკონტროლო ველი 2829
003 - საკონტროლო ნომრის იდენტიფიკატორი
საკონტროლო ველი GE_BSU
005 - ბოლო ოპერაციის თარიღი და დრო
საკონტროლო ველი 20190611205835.0
008 - ფიქსირებული სიგრძის მონაცემთა ელემენტები - ზოგადი ინფორმაცია
ფიქსირებული სიგრძის საკონტროლო ველი 181216s2011||||ge |||||||||||||| ||geo||
020 ## - წიგნის საერთაშორისო სტანდარტული ნომერი
International Standard Book Number 9789941103476
040 ## - კატალოგიზაციის წყარო
Transcribing agency GE_BSU
041 ## - ენის კოდი
Language code of text/sound track or separate title geo
080 ## - უნივერსალური ათობითი კლასიფიკაციის ინდექსი
Universal Decimal Classification number 811.353.2 ს–33
100 ## - მთავარი ჩანაწერი - პიროვნების სახელი
Personal name საღლიანი, მედეა
9 (RLIN) 2428
245 ## - ცნობა სათაურის შესახებ
Title პირისა და რიცხვის გრამატიკული კატეგორია სვანურში = Grammatical category of a person and a number in svan /
Statement of responsibility, etc მედეა საღლიანი ; რედ.: მურმან სუხიშვილი, როენა ჭკადუა ; არნ. ჩიქობავას სახ. ენათმეცნ. ინ-ტი.
264 ## - წარმოების, გამოცემის, დისტრიბუციის და სხვა ცნობები
გამოცემის, წარმოების, დისტრიბუციის... ადგილი თბილისი :
გამოცემის, წარმოების, დისტრიბუციის... სახელწოდება მერიდიანი,
გამოცემის, წარმოების, დისტრიბუციის... თარიღი 2011.
300 ## - ფიზიკური აღწერა
Extent 230 გვ. ;
Other physical details 29 სმ.
500 ## - ზოგადი შენიშვნა
General note ფუძეთა და სიტყვა-ფორმათა საძ.: გვ. 187-229.
504 ## - BIBLIOGRAPHY, ETC. NOTE
Bibliography, etc ბიბლიოგრ.: გვ. 231-233.
546 ## - LANGUAGE NOTE
Language note პარალ. თავფურ. და რეზ. ინგლ.
653 ## - INDEX TERM--UNCONTROLLED
Uncontrolled term სვანური ენის გრამატიკა
700 ## - ADDED ENTRY--PERSONAL NAME
Personal name სუხიშვილი, მურმან
Relator term რედაქტორი
9 (RLIN) 2129
700 ## - ADDED ENTRY--PERSONAL NAME
Personal name ჭკადუა, როენა
Relator term რედაქტორი
9 (RLIN) 2429
942 ## - ADDED ENTRY ELEMENTS (KOHA)
Koha item type წიგნი
Source of classification or shelving scheme
ეგზემპლარები
ჩამოწერის სტატუსი დაკარგული ეგზემპლარის სტატუსი კლასიფიკაციის წყარო ან თაროზე გაწყობის სქემა დაზიანების სტატუსი არ გაიცემა მუდმივი მდებარეობა (დაცვის ადგილი) ამჟამინდელი ადგილსამყოფელი თაროზე განთავსების ადგილი შეძენის თარიღი სრული შენახვის შიფრი შტრიხკოდი ბოლო ოპერაციის თარიღი ეგზემპლარის მიმდევრობითი ნომერი (კეტერი?) ფასის ძალაში შესვლის თარიღი ეგზემპლარის სახეობა საჯარო შენიშვნა
          ბათუმის შოთა რუსთაველის სახელმწიფო უნივერსიტეტის მთავარი ბიბლიოთეკა ბათუმის შოთა რუსთაველის სახელმწიფო უნივერსიტეტის მთავარი ბიბლიოთეკა წიგნსაცავი 2018-12-17 811.353.2 ს–33 4815 2018-12-17 4815 2018-12-17 წიგნი
          ბათუმის შოთა რუსთაველის სახელმწიფო უნივერსიტეტის მთავარი ბიბლიოთეკა ბათუმის შოთა რუსთაველის სახელმწიფო უნივერსიტეტის მთავარი ბიბლიოთეკა წიგნსაცავი 2018-12-17 811.353.2 ს–33 4816 2018-12-17 4816 2018-12-17 წიგნი